000 01372nam a22003617a 4500
003 CHAP
005 20220329141146.0
008 971010s1982 r 00010 d
010 _a63597
011 _a64569
035 _a70255
040 _cCHAP
082 _a333.09724
_bD5
100 0 0 _aDíaz-Polanco, Héctor.
_933701
245 _aFormación regional y burguesía agraria en México
_b: Valle de Santiago, El Bajío
260 _aMéxico, D. F. :
_bERA,
_c1982
300 _a215 p.
590 _aBATCH-UPD
_b10
_c20130109
_lUCH01
_h2336
590 _aBATCH-UPD
_b10
_c20130110
_lUCH01
_h0442
590 _aBATCH-UPD
_b10
_c20130409
_lUCH01
_h1903
590 _aBATCH-UPD
_b10
_c20130410
_lUCH01
_h0119
590 _aBATCH-UPD
_b10
_c20130914
_lUCH01
_h1218
590 _aCONVERSION
_b10
_c20130109
_lUCH01
_h1334
650 1 4 _aTierras
_xTenencia
_xBajío.
_9113140
650 1 4 _aTierras
_xTenencia
_xGuanajuato.
_9113167
901 _aBK
942 _cLIBRO
949 _a333.09724 D5
_bBC
_cLIBRO
_d33724000327995
_eLIBRO
_h66998
_i70255
_si
949 _a333.09724 D5
_bBC
_cLIBRO
_d33724000328019
_eLIBRO
_fc.4
_h67001
_i70255
_si
949 _a333.09724 D5
_bBC
_cLIBRO
_d33724000328027
_eLIBRO
_fc.5
_h67002
_i70255
_si
949 _a333.09724 D5
_bBC
_cLIBRO
_d33724000328035
_eLIBRO
_fc.3
_h67000
_i70255
_si
949 _a333.09724 D5
_bBC
_cLIBRO
_d33724000834370
_eLIBRO
_fc.2
_h66999
_i70255
_sb
999 _c63597
_d63597